[Event "op"]
[Site "Feldbach, Styria/AUT"]
[Date "1996.12.28"]
[Round "1"]
[White "Chernin, A."]
[Black "Deutsch, L."]
[Result "1-0"]
[WhiteElo "2620"]
[BlackElo "2210"]
[PlyCount "81"]

1. c4 c5 2. Nf3 Nc6 3. Nc3 g6 4. e3 Bg7 5. d4 cxd4 6. exd4 d6 7. d5 Ne5 8. Nxe5
Bxe5 9. Be2 Bg7 10. O-O f5 11. Be3 Nf6 12. Qd2 O-O 13. Rfe1 Rf7 14. Rac1 Bd7
15. Bf3 Rc8 16. Ne2 b6 17. Nd4 Kh8 18. b4 Ng8 19. b5 Rc7 20. Nc6 Qf8 21. a4
Bxc6 22. bxc6 f4 23. Bd4 Bxd4 24. Qxd4+ Qg7 25. Qxg7+ Kxg7 26. Bg4 Nh6 27. Bd7
e5 28. dxe6 Re7 29. a5 Ng4 30. axb6 axb6 31. Red1 Ne5 32. Rxd6 Kf6 33. h3 g5
34. c5 bxc5 35. Rxc5 h6 36. Rdd5 Ng6 37. Rb5 Nf8 38. Rf5+ Kg7 39. Rxf8 Kxf8 40.
Rb8+ Kg7 41. Rb7 1-0

[Event "op"]
[Site "Feldbach, Styria/AUT"]
[Date "1996.12.28"]
[Round "1"]
[White "Jazbinsek, S."]
[Black "Palac, M."]
[Result "0-1"]
[WhiteElo "2175"]
[BlackElo "2540"]
[PlyCount "98"]

1. e4 c5 2. Nf3 e6 3. d4 cxd4 4. Nxd4 Nf6 5. Nc3 d6 6. Be3 a6 7. f3 b5 8. Qd2
Nbd7 9. O-O-O Bb7 10. Kb1 b4 11. Nce2 d5 12. exd5 Nxd5 13. Bg5 Qb6 14. Nb3 h6
15. Bh4 Bd6 16. c4 bxc3 17. Nxc3 O-O 18. Bc4 Nxc3+ 19. bxc3 Ne5 20. Qxd6 Qxd6
21. Rxd6 Nxc4 22. Rd7 Bd5 23. Bf2 a5 24. Ka1 Rfb8 25. Rb1 a4 26. Nc5 Rxb1+ 27.
Kxb1 Rb8+ 28. Kc1 Rb2 29. Rd8+ Kh7 30. Nd7 Kg6 31. Ne5+ Kf5 32. Nxc4 Rxf2 33.
Ne3+ Kf4 34. Nxd5+ exd5 35. Rxd5 Rxg2 36. Rd4+ Kxf3 37. Rxa4 f5 38. c4 Ke3 39.
h4 Kd3 40. Ra3+ Kxc4 41. Rf3 Rh2 42. Rg3 f4 43. Rxg7 Kd3 44. Rd7+ Ke3 45. Re7+
Kf2 46. a4 f3 47. Rf7 Ke2 48. Re7+ Kf1 49. a5 f2 0-1

[Event "op"]
[Site "Feldbach, Styria/AUT"]
[Date "1996.12.28"]
[Round "1"]
[White "Sax, G."]
[Black "Bonstingl, G."]
[Result "1-0"]
[WhiteElo "2010"]
[BlackElo "2285"]
[PlyCount "79"]

1. e4 c5 2. Nf3 Nc6 3. d4 cxd4 4. Nxd4 Nf6 5. Nc3 e5 6. Ndb5 d6 7. Bg5 a6 8.
Na3 b5 9. Nd5 Be7 10. Bxf6 Bxf6 11. c3 O-O 12. Nc2 Rb8 13. g3 Bg5 14. Bg2 a5
15. O-O Ne7 16. Nde3 Bxe3 17. Nxe3 Be6 18. Qh5 Qb6 19. Rfd1 Rbd8 20. a3 Qc5 21.
Rd2 b4 22. cxb4 axb4 23. Qd1 bxa3 24. bxa3 Ra8 25. a4 Rfd8 26. Bf1 Qb4 27. Bb5
g6 28. Rc1 Rac8 29. Rxc8 Rxc8 30. Rxd6 Qxe4 31. a5 Qb4 32. Bd7 Bxd7 33. Rxd7
Kg7 34. a6 Qa3 35. Kg2 Ra8 36. Qf3 Rxa6 37. h4 Qc5 38. h5 Rf6 39. h6+ Kxh6 40.
Qxf6 1-0

[Event "op"]
[Site "Feldbach, Styria/AUT"]
[Date "1996.12.28"]
[Round "1"]
[White "Sackl, E."]
[Black "Keitlinghaus, L."]
[Result "0-1"]
[WhiteElo "1900"]
[BlackElo "2515"]
[PlyCount "98"]

1. e4 e6 2. d4 d5 3. Bd3 dxe4 4. Bxe4 Nf6 5. Bg5 c5 6. c3 cxd4 7. Qa4+ Qd7 8.
Qc2 Nxe4 9. Qxe4 Qb5 10. Bc1 Qc6 11. Qf3 Bd7 12. Bf4 Qxf3 13. Nxf3 dxc3 14.
Nxc3 f6 15. O-O e5 16. Rfe1 Nc6 17. Rad1 O-O-O 18. Be3 Bb4 19. Rc1 Bg4 20. Nd2
Rd3 21. Ndb1 Rhd8 22. a3 Bf8 23. f3 Be6 24. b4 Kb8 25. Na4 Nd4 26. Bxd4 R3xd4
27. Nc5 Bc8 28. Nc3 b6 29. Nb3 Rd3 30. Na1 Bb7 31. Red1 Rxd1+ 32. Rxd1 Rxd1+
33. Nxd1 a5 34. Nc2 Bd5 35. Kf2 Bb3 36. Nde3 Kb7 37. Ke2 Kc6 38. Kd3 Bxc2+ 39.
Nxc2 axb4 40. axb4 Kb5 41. Kc3 Ka4 42. Kc4 b5+ 43. Kd5 Bxb4 44. Ke6 Bd2 45. Kf7
Kb3 46. Kxg7 Kxc2 47. Kxf6 b4 48. Kxe5 b3 49. Kf5 b2 0-1

[Event "op"]
[Site "Feldbach, Styria/AUT"]
[Date "1996.12.28"]
[Round "1"]
[White "Stanec, N."]
[Black "Milanollo, M."]
[Result "1-0"]
[WhiteElo "2505"]
[BlackElo "1975"]
[PlyCount "61"]

1. e4 d5 2. exd5 Nf6 3. c4 e6 4. d4 Bb4+ 5. Nc3 exd5 6. Bd3 Nc6 7. Nge2 O-O 8.
Bg5 dxc4 9. Bxc4 Bf5 10. O-O Be7 11. Re1 Nb4 12. Rc1 c6 13. a3 b5 14. Ng3 Bg6
15. Be2 Nbd5 16. Bf3 b4 17. axb4 Nxb4 18. Be2 Nfd5 19. Bxe7 Nxe7 20. Qd2 a5 21.
Bc4 Ned5 22. Nge4 Re8 23. Nc5 Qc7 24. Nxd5 Rxe1+ 25. Rxe1 cxd5 26. Bb3 h6 27.
Re5 Rb8 28. g3 Rd8 29. Qe3 Nc2 30. Qd2 Nb4 31. h4 1-0

[Event "op"]
[Site "Feldbach, Styria/AUT"]
[Date "1996.12.28"]
[Round "1"]
[White "Szith, G."]
[Black "Pavasovic, D."]
[Result "0-1"]
[WhiteElo "1855"]
[BlackElo "2495"]
[PlyCount "58"]

1. Nf3 d5 2. c4 e6 3. g3 Nf6 4. Bg2 dxc4 5. Qa4+ Nbd7 6. Qxc4 a6 7. O-O b5 8.
Qc2 Bb7 9. d3 c5 10. b3 Be7 11. Bb2 O-O 12. Nbd2 Rc8 13. Rac1 Qb6 14. Qb1 Rfd8
15. Qa1 Qa7 16. Rc2 Nb8 17. Rfc1 Nc6 18. a3 a5 19. Bh3 a4 20. Ng5 axb3 21. Nxb3
Na5 22. Nxa5 Qxa5 23. Nxe6 fxe6 24. Bxe6+ Kh8 25. Bxc8 Rxc8 26. Bd4 c4 27. dxc4
bxc4 28. Rxc4 Rxc4 29. Rxc4 Qd5 0-1

[Event "op"]
[Site "Feldbach, Styria/AUT"]
[Date "1996.12.28"]
[Round "1"]
[White "Womacka, M."]
[Black "Frosch, R."]
[Result "1-0"]
[WhiteElo "2465"]
[BlackElo "1870"]
[PlyCount "83"]

1. e4 e5 2. Nf3 Nc6 3. Bc4 Bc5 4. d3 d6 5. c3 h6 6. b4 Bb6 7. a4 a6 8. Nbd2 Nf6
9. O-O O-O 10. Bb3 Be6 11. Nc4 Ba7 12. Re1 Ne7 13. Na5 Bxb3 14. Qxb3 Qc8 15. d4
Ng6 16. h3 Re8 17. Qc2 Nh5 18. Be3 Nhf4 19. Kh2 Bb6 20. Nb3 Qe6 21. d5 Qd7 22.
c4 Bxe3 23. fxe3 Nh5 24. c5 b6 25. Rec1 Rec8 26. Qd3 Ne7 27. c6 Qd8 28. g4 Nf6
29. g5 hxg5 30. Nxg5 Ng6 31. Rg1 Qe7 32. Raf1 Rf8 33. Qe2 Nh7 34. Nxh7 Kxh7 35.
Qh5+ Kg8 36. Rg4 a5 37. b5 Rab8 38. Nd2 Rfd8 39. Nf3 Qf6 40. Kg1 Nh8 41. Nh4
Qe7 42. Rxg7+ 1-0

[Event "op"]
[Site "Feldbach, Styria/AUT"]
[Date "1996.12.28"]
[Round "1"]
[White "Golja, O."]
[Black "Szekely, P."]
[Result "0-1"]
[WhiteElo "1755"]
[BlackElo "2455"]
[PlyCount "94"]

1. d4 Nf6 2. c4 g6 3. Nc3 Bg7 4. e4 d6 5. Nf3 O-O 6. Be2 c6 7. O-O e5 8. d5 Na6
9. a3 Bd7 10. b4 cxd5 11. cxd5 Rc8 12. Bb2 Bh6 13. Nd2 Ne8 14. Nc4 Nb8 15. a4
f5 16. b5 fxe4 17. Nxe4 Bf5 18. f3 Nd7 19. Kh1 Ndf6 20. Nxf6+ Rxf6 21. Bd3 Rf7
22. Bc1 Qh4 23. Bxh6 Qxh6 24. Bxf5 gxf5 25. Qd3 Qf4 26. Ne3 Qd4 27. Qe2 Rc3 28.
Rfe1 Ng7 29. Rac1 Rfc7 30. Rxc3 Rxc3 31. g4 f4 32. Ng2 Qxd5 33. Nh4 Qc5 34. Rd1
Kf8 35. Qd2 Ne8 36. Nf5 Rxf3 37. Nxd6 Rf2 38. Qd3 Qxd6 39. Qxd6+ Nxd6 40. Rxd6
Ke7 41. Rh6 e4 42. Kg1 e3 43. b6 axb6 44. Rxb6 f3 45. Rxb7+ Kf6 46. Rb3 Rg2+
47. Kh1 Rd2 0-1

[Event "op"]
[Site "Feldbach, Styria/AUT"]
[Date "1996.12.28"]
[Round "1"]
[White "Schrank, M."]
[Black "Rogulj, B."]
[Result "0-1"]
[WhiteElo "1780"]
[BlackElo "2420"]
[PlyCount "66"]

1. Nf3 Nf6 2. g3 c5 3. Bg2 Nc6 4. O-O e5 5. d3 h6 6. e4 Be7 7. Nc3 O-O 8. h3 d6
9. Be3 Be6 10. Ne2 d5 11. exd5 Nxd5 12. a3 Qd7 13. Kh2 Rad8 14. Qd2 f5 15. Qc1
c4 16. d4 f4 17. gxf4 exf4 18. Bd2 Bd6 19. Rh1 Ne3 20. Bb4 Nxb4 21. axb4 Nxg2
22. Kxg2 Bd5 23. Neg1 b6 24. c3 Rf6 25. Kf1 Qb7 26. Qd1 Be4 27. Rh2 Re8 28. Kg2
Rg6+ 29. Kh1 Rxg1+ 30. Kxg1 Bxf3 31. Qa4 b5 32. Qc2 Qe7 33. Qd2 Qg5+ 0-1

[Event "op"]
[Site "Feldbach, Styria/AUT"]
[Date "1996.12.28"]
[Round "1"]
[White "Payrits, H."]
[Black "Tratar, M."]
[Result "0-1"]
[WhiteElo "1715"]
[BlackElo "2420"]
[PlyCount "124"]

1. c4 g6 2. Nc3 Bg7 3. d4 Nf6 4. e4 d6 5. Be2 O-O 6. Be3 c6 7. Nf3 e5 8. dxe5
dxe5 9. Qxd8 Rxd8 10. O-O Bg4 11. h3 Bxf3 12. Bxf3 Na6 13. a3 Nd7 14. Rad1 Nac5
15. Bg5 Bf6 16. Be3 Nb3 17. Rd3 Nd4 18. Rfd1 Nc5 19. R3d2 Ncb3 20. Rd3 Nc5 21.
R3d2 Ncb3 22. Rd3 Na5 23. c5 Nab3 24. Na4 Be7 25. Bxd4 Nxd4 26. Kf1 Kf8 27. Be2
Ke8 28. g3 Ne6 29. Rxd8+ Rxd8 30. Rxd8+ Kxd8 31. b4 Ng5 32. Bc4 Ke8 33. Nc3
Nxh3 34. a4 a5 35. bxa5 Bxc5 36. a6 bxa6 37. Bxa6 Nxf2 38. Bc4 Ng4 39. Ke2 Nf6
40. Kf3 Bb4 41. Na2 Bd2 42. Bd3 Nd7 43. Ke2 Ba5 44. Nc1 Nc5 45. Bc2 Ke7 46. Nd3
Nxd3 47. Bxd3 h5 48. Ba6 f5 49. Bd3 Kf6 50. Kf3 Kg5 51. Kf2 f4 52. Kf3 fxg3 53.
Kxg3 Be1+ 54. Kf3 Kh4 55. Be2 g5 56. Kg2 g4 57. Bc4 Kg5 58. Bf7 h4 59. Be6 Kf4
60. Bd7 h3+ 61. Kh2 Kf3 62. Bf5 g3+ 0-1

[Event "op"]
[Site "Feldbach, Styria/AUT"]
[Date "1996.12.28"]
[Round "1"]
[White "Krumpacnik, D."]
[Black "Halser, W."]
[Result "1-0"]
[WhiteElo "2385"]
[BlackElo "2175"]
[PlyCount "67"]

1. d4 Nf6 2. c4 e6 3. Nc3 Bb4 4. Bg5 c5 5. d5 h6 6. Bh4 g5 7. Bg3 Ne4 8. Qc2 f5
9. e3 Qa5 10. Be5 O-O 11. f3 d6 12. fxe4 dxe5 13. Nge2 Na6 14. a3 exd5 15. exd5
Bd7 16. O-O-O Rac8 17. g4 Rf6 18. h4 Rb6 19. axb4 cxb4 20. Nb1 Ba4 21. b3 Bxb3
22. Qxb3 Nc5 23. Qb2 Na4 24. Qxe5 b3 25. Nec3 b2+ 26. Kd2 Nc5 27. gxf5 Nb3+ 28.
Ke1 g4 29. f6 Qc5 30. Rg1 Kf7 31. Rxg4 Rxf6 32. Qxf6+ Kxf6 33. Ne4+ Kf5 34.
Rf4+ 1-0

[Event "op"]
[Site "Feldbach, Styria/AUT"]
[Date "1996.12.28"]
[Round "1"]
[White "Kopinits, A."]
[Black "Barczay, L."]
[Result "0-1"]
[WhiteElo "1605"]
[BlackElo "2380"]
[PlyCount "58"]

1. e4 g6 2. Nc3 c6 3. g3 d5 4. Bg2 dxe4 5. Nxe4 Bg7 6. Nf3 Nd7 7. d4 Ngf6 8.
Nxf6+ Nxf6 9. c3 O-O 10. O-O Be6 11. Re1 Bd5 12. Bf4 Re8 13. Qd2 Qb6 14. b3
Rad8 15. Re2 c5 16. dxc5 Qxc5 17. Qe3 Qa5 18. Rc2 Be4 19. Rd2 Rxd2 20. Qxd2 Nd5
21. Ne5 Bxg2 22. Kxg2 Nxc3 23. Qd7 Qd5+ 24. Qxd5 Nxd5 25. Rd1 Rd8 26. Kf3 g5
27. Bxg5 f6 28. Bxf6 Bxf6 29. Ng4 Bg7 0-1

[Event "op"]
[Site "Feldbach, Styria/AUT"]
[Date "1996.12.28"]
[Round "1"]
[White "Danner, G."]
[Black "Guid, M."]
[Result "1-0"]
[WhiteElo "2375"]
[BlackElo "2155"]
[PlyCount "73"]

1. d4 Nf6 2. Nf3 g6 3. c4 Bg7 4. Nc3 O-O 5. e4 d6 6. Be2 e5 7. d5 a5 8. Bg5 h6
9. Bh4 Na6 10. Nd2 Qe8 11. a3 Bd7 12. b3 h5 13. f3 Nh7 14. Rb1 Nc5 15. Qc2 Bh6
16. Bf2 b6 17. b4 axb4 18. axb4 Na4 19. Nb5 Qe7 20. O-O c6 21. dxc6 Bxc6 22.
Qd3 Rfd8 23. Rfd1 Nf6 24. Qb3 Bxb5 25. cxb5 d5 26. exd5 Nxd5 27. Ne4 Nf4 28.
Bf1 Kg7 29. Rxd8 Qxd8 30. Rd1 Qc7 31. Rd6 f5 32. Rc6 Qf7 33. Qc2 Ra7 34. Nd6
Qe7 35. Nc8 Qg5 36. Nxa7 Nc3 37. Rxc3 1-0

[Event "op"]
[Site "Feldbach, Styria/AUT"]
[Date "1996.12.28"]
[Round "1"]
[White "Pfaffel, T."]
[Black "Gross, D."]
[Result "0-1"]
[WhiteElo "2070"]
[BlackElo "2360"]
[PlyCount "96"]

1. e4 e5 2. Nf3 Nc6 3. Bc4 Bc5 4. c3 Nf6 5. d3 d6 6. O-O Bb6 7. Nbd2 h6 8. Bb3
O-O 9. Nc4 Be6 10. Re1 Ne7 11. Nxb6 axb6 12. d4 Ng6 13. a3 Bxb3 14. Qxb3 Nh5
15. dxe5 dxe5 16. Be3 Qe7 17. Rad1 Rad8 18. Kf1 Nf6 19. Qc4 Rd7 20. Rxd7 Qxd7
21. Nd2 Ng4 22. Nf3 Rd8 23. h3 Nf6 24. Nd2 Nh5 25. Nf3 Kh7 26. Ng1 Nhf4 27.
Bxf4 Nxf4 28. Ne2 Nd3 29. Rd1 Nxb2 30. Rxd7 Rxd7 31. Qb3 Rd1+ 32. Qxd1 Nxd1 33.
Ke1 Nb2 34. Nc1 f6 35. Nb3 Kg6 36. Ke2 Kf7 37. Nd2 b5 38. Nb3 Nc4 39. Nc5 b6
40. Na6 c5 41. Nc7 Nxa3 42. Kd3 h5 43. Nd5 Nc4 44. Nc7 Nd6 45. Nd5 h4 46. Nxb6
Ke6 47. Nd5 Nxe4 48. Nc7+ Kf5 0-1

[Event "op"]
[Site "Feldbach, Styria/AUT"]
[Date "1996.12.28"]
[Round "1"]
[White "Gross, S."]
[Black "Bachmayer, J."]
[Result "1-0"]
[WhiteElo "2350"]
[BlackElo "2050"]
[PlyCount "65"]

1. d4 Nf6 2. c4 g6 3. Nc3 d5 4. cxd5 Nxd5 5. e4 Nxc3 6. bxc3 c5 7. Be3 Bg7 8.
Qd2 Qa5 9. Rb1 a6 10. Rc1 O-O 11. Nf3 Rd8 12. d5 Nd7 13. c4 Qc7 14. Bd3 e6 15.
O-O exd5 16. cxd5 b5 17. Bf4 Qb7 18. Bh6 Bh8 19. Kh1 c4 20. Bb1 Ne5 21. Nxe5
Bxe5 22. f4 Bh8 23. d6 Qd7 24. Rcd1 Bb7 25. Bg5 f6 26. Bh4 Re8 27. f5 Rf8 28.
e5 fxe5 29. fxg6 Bg7 30. Be7 Rxf1+ 31. Rxf1 Qc6 32. gxh7+ Kh8 33. d7 1-0

[Event "op"]
[Site "Feldbach, Styria/AUT"]
[Date "1996.12.28"]
[Round "1"]
[White "Schneider_Zinner, H."]
[Black "Wegerer, F."]
[Result "1-0"]
[WhiteElo "2155"]
[BlackElo "2270"]
[PlyCount "79"]

1. d4 g6 2. Nf3 Bg7 3. c4 d6 4. Nc3 Bg4 5. e4 Nc6 6. d5 Nd4 7. Be3 c5 8. dxc6
Nxc6 9. Qd2 Rc8 10. Be2 Qa5 11. Rc1 Nf6 12. O-O O-O 13. a3 Rfe8 14. b4 Qd8 15.
Rfd1 Bxf3 16. gxf3 a5 17. Nd5 axb4 18. axb4 Nxd5 19. cxd5 Ne5 20. f4 Nd7 21.
Rxc8 Qxc8 22. Rc1 Qd8 23. Bg4 f5 24. exf5 Nf6 25. Bh3 Qd7 26. Qd3 Rf8 27. Kg2
gxf5 28. Bxf5 Qa4 29. Qc4 Kh8 30. Be6 b5 31. Qd3 Qxb4 32. Rb1 Qa4 33. Qxb5 Qe4+
34. Kg1 Nh5 35. Rb4 Qf3 36. f5 Be5 37. Qc4 Qh3 38. Qh4 Qf3 39. Qg4 Qxg4+ 40.
Rxg4 1-0

[Event "op"]
[Site "Feldbach, Styria/AUT"]
[Date "1996.12.28"]
[Round "1"]
[White "Kos, T."]
[Black "Schriebl, A."]
[Result "1-0"]
[WhiteElo "2295"]
[BlackElo "1720"]
[PlyCount "63"]

1. e4 d5 2. exd5 Qxd5 3. Nc3 Qa5 4. d4 Nf6 5. Nf3 c6 6. Bc4 e6 7. O-O Be7 8.
Qe2 O-O 9. Bb3 Na6 10. Bg5 Nd5 11. Ne4 Bxg5 12. Nexg5 h6 13. Ne4 Qc7 14. c4 Nf4
15. Qe3 Ng6 16. Rad1 Kh8 17. Bc2 e5 18. Ng3 exd4 19. Rxd4 c5 20. Rd2 f5 21.
Rfd1 Qb6 22. Nh5 Qe6 23. Qc3 Qf7 24. Rd6 Nb4 25. Bb1 Nc6 26. R1d5 Nge7 27.
Rxh6+ Kg8 28. Ng5 Nxd5 29. cxd5 Qe7 30. Rg6 Nd4 31. Bd3 Re8 32. Kf1 1-0

[Event "op"]
[Site "Feldbach, Styria/AUT"]
[Date "1996.12.28"]
[Round "1"]
[White "Maric, K."]
[Black "Freitag, M."]
[Result "0-1"]
[WhiteElo "2010"]
[BlackElo "2285"]
[PlyCount "56"]

1. e4 c5 2. Nc3 Nc6 3. g3 g6 4. Bg2 Bg7 5. d3 d6 6. f4 e6 7. Nf3 Nge7 8. O-O
O-O 9. Be3 b6 10. d4 Bb7 11. dxc5 dxc5 12. e5 Nb4 13. Qc1 Ned5 14. Nxd5 Nxd5
15. Bf2 Qc7 16. Rd1 Rad8 17. c3 Kh8 18. Qc2 Rd7 19. Ng5 Bc6 20. Rd2 Rfd8 21.
Rad1 h6 22. Ne4 g5 23. Nd6 gxf4 24. gxf4 Rg8 25. Kh1 Nxf4 26. Be4 Bxe5 27. Nc4
Rxd2 28. Rxd2 f5 0-1

[Event "op"]
[Site "Feldbach, Styria/AUT"]
[Date "1996.12.28"]
[Round "1"]
[White "Demuth, M."]
[Black "Frosch, D."]
[Result "1-0"]
[WhiteElo "2240"]
[BlackElo "1630"]
[PlyCount "77"]

1. e4 e5 2. Nf3 Nc6 3. Bb5 a6 4. Ba4 Nf6 5. O-O Be7 6. Re1 b5 7. Bb3 O-O 8. c3
d6 9. h3 Na5 10. Bc2 c5 11. d4 Qc7 12. Nbd2 Nc6 13. d5 Nb8 14. a4 Bb7 15. Nf1
Re8 16. Ng3 Bf8 17. Nf5 Nbd7 18. Nh2 Kh8 19. Ng4 Ng8 20. Qf3 Ndf6 21. Qg3 Nxg4
22. hxg4 g6 23. Ne3 f6 24. Kh2 Bh6 25. Qh3 Rab8 26. Rh1 Bf8 27. Kg1 Re7 28. Qh4
Rf7 29. g5 Be7 30. Ng4 fxg5 31. Bxg5 Bxg5 32. Qxg5 Qe7 33. Qxg6 Rg7 34. Qh5 Nf6
35. Nxf6 Qxf6 36. axb5 axb5 37. Qh4 Qg6 38. g3 Rf8 39. Qh5 1-0

[Event "op"]
[Site "Feldbach, Styria/AUT"]
[Date "1996.12.28"]
[Round "1"]
[White "Kuba, G."]
[Black "Kamaryt, T."]
[Result "1-0"]
[WhiteElo "2200"]
[BlackElo "2000"]
[PlyCount "71"]

1. e4 e6 2. d4 d5 3. Nd2 a6 4. Ngf3 c5 5. dxc5 Bxc5 6. Bd3 Nf6 7. Qe2 Nc6 8. c3
Nxe4 9. Nxe4 dxe4 10. Bxe4 Qc7 11. O-O Ne7 12. b4 Bd6 13. a3 Bd7 14. c4 Bc6 15.
Bb2 Bxe4 16. Qxe4 O-O 17. Rfd1 Rad8 18. g3 Nf5 19. Rac1 Be7 20. Be5 Qc8 21. c5
Rxd1+ 22. Rxd1 Rd8 23. Rxd8+ Bxd8 24. Qd3 Be7 25. Nd2 Qd8 26. Qxd8+ Bxd8 27.
Nc4 f6 28. Bb8 h5 29. h3 Kf8 30. g4 hxg4 31. hxg4 Nd4 32. a4 Nc6 33. Bd6+ Ke8
34. b5 Nd4 35. c6 axb5 36. cxb7 1-0

[Event "op"]
[Site "Feldbach, Styria/AUT"]
[Date "1996.12.28"]
[Round "1"]
[White "Kragelj, I."]
[Black "Sepetavc, W."]
[Result "1-0"]
[WhiteElo "2225"]
[BlackElo "2025"]
[PlyCount "81"]

1. d4 Nf6 2. c4 e6 3. Nf3 d5 4. Nc3 Be7 5. Bg5 h6 6. Bh4 O-O 7. e3 b6 8. Rc1
Bb7 9. Bxf6 Bxf6 10. cxd5 exd5 11. Bd3 c5 12. O-O Nd7 13. Bf5 g6 14. Bxd7 Qxd7
15. dxc5 bxc5 16. Ne4 Bxb2 17. Nxc5 Qe7 18. Rb1 Qxc5 19. Rxb2 Ba6 20. Re1 Rfc8
21. Nd4 Rc7 22. h4 Rac8 23. h5 Qc3 24. Rc2 Qd3 25. Rxc7 Rxc7 26. hxg6 Qxg6 27.
Qf3 Kh7 28. Qf4 Rb7 29. Nf5 Bd3 30. Ng3 Qg5 31. Qd4 Bc4 32. a3 a6 33. Rd1 Qg6
34. e4 Bb3 35. Rb1 dxe4 36. Nxe4 Rb5 37. Rc1 Rf5 38. Rc8 Qg7 39. Qd3 Bd5 40.
Ng3 Be6 41. Rc5 1-0

[Event "op"]
[Site "Feldbach, Styria/AUT"]
[Date "1996.12.28"]
[Round "1"]
[White "Kopinits, S."]
[Black "Hilscher, G."]
[Result "1/2-1/2"]
[WhiteElo "1855"]
[BlackElo "2495"]
[PlyCount "42"]

1. d4 Nf6 2. Nf3 b6 3. Bf4 Bb7 4. e3 e6 5. Be2 Be7 6. Nbd2 O-O 7. h3 d5 8. O-O
c5 9. c4 Nc6 10. Ne5 cxd4 11. Nxc6 Bxc6 12. exd4 Rc8 13. Rc1 dxc4 14. Nxc4 Nd5
15. Be3 Bb7 16. Bf3 h6 17. Ne5 Qd6 18. Qa4 a6 19. Qd7 Nxe3 20. Qxd6 Bxd6 21.
fxe3 Bxf3 1/2-1/2

[Event "op"]
[Site "Feldbach, Styria/AUT"]
[Date "1996.12.29"]
[Round "2"]
[White "Barczay, L."]
[Black "Chernin, A."]
[Result "1-0"]
[WhiteElo "2380"]
[BlackElo "2620"]
[PlyCount "55"]

1. Nf3 d5 2. c3 g6 3. g3 Bg7 4. d4 Nd7 5. Bg2 c5 6. O-O Ngf6 7. Ne5 e6 8. Nxd7
Nxd7 9. dxc5 Nxc5 10. Be3 Na6 11. Na3 O-O 12. Nb5 Bd7 13. a4 b6 14. c4 Bc6 15.
Bd4 f6 16. Bc3 Qd7 17. cxd5 exd5 18. e4 Bxb5 19. axb5 Nc7 20. exd5 Nxb5 21. Qb3
Nd6 22. Rfe1 Rf7 23. Re6 Rd8 24. Rae1 Nb5 25. d6 Kh8 26. Re7 Rxe7 27. Rxe7 Qxd6
28. Qf7 1-0

[Event "op"]
[Site "Feldbach, Styria/AUT"]
[Date "1996.12.29"]
[Round "2"]
[White "Palac, M."]
[Black "Danner, G."]
[Result "1/2-1/2"]
[WhiteElo "2540"]
[BlackElo "2375"]
[PlyCount "49"]

1. e4 c5 2. Nf3 d6 3. d4 cxd4 4. Nxd4 Nf6 5. Nc3 a6 6. Be2 e5 7. Nb3 Be7 8. O-O
O-O 9. Kh1 Be6 10. f4 exf4 11. Bxf4 Nc6 12. Qe1 Ne8 13. Rd1 Bh4 14. Qd2 Bf6 15.
Qe3 Be5 16. Bxe5 Nxe5 17. Nd4 Nf6 18. Qd2 Re8 19. Nf3 Nxf3 20. Bxf3 Qb6 21. Na4
Qc7 22. Qxd6 Qxc2 23. Nb6 Rab8 24. e5 Ng4 25. Qd4 1/2-1/2

[Event "op"]
[Site "Feldbach, Styria/AUT"]
[Date "1996.12.29"]
[Round "2"]
[White "Gross, D."]
[Black "Sax, G."]
[Result "1-0"]
[WhiteElo "2360"]
[BlackElo "2525"]
[PlyCount "75"]

1. e4 c5 2. Nf3 d6 3. d4 cxd4 4. Nxd4 Nf6 5. Nc3 Nc6 6. Bc4 e6 7. Be3 a6 8. Bb3
Qc7 9. f4 b5 10. Nxc6 Qxc6 11. e5 dxe5 12. fxe5 Nd7 13. Qh5 Bb4 14. O-O-O Bxc3
15. bxc3 O-O 16. Rhf1 Qe4 17. Bd4 Bb7 18. Rd3 Rae8 19. Rg3 g6 20. Qh6 f6 21.
Rf4 Qe1+ 22. Kb2 Rf7 23. exf6 Nf8 24. Bc5 b4 25. cxb4 Qe5+ 26. Bd4 Qd6 27. h4
Be4 28. c3 a5 29. Re3 Bd5 30. Be5 Qb6 31. Bd4 Qb8 32. Bxd5 exd5 33. Re7 Rexe7
34. fxe7 Rxe7 35. Rxf8+ Qxf8 36. Qxf8+ Kxf8 37. Bc5 axb4 38. cxb4 1-0

[Event "op"]
[Site "Feldbach, Styria/AUT"]
[Date "1996.12.29"]
[Round "2"]
[White "Keitlinghaus, L."]
[Black "Gross, S."]
[Result "1-0"]
[WhiteElo "2515"]
[BlackElo "2330"]
[PlyCount "53"]

1. e4 c5 2. c3 d5 3. exd5 Qxd5 4. d4 Nf6 5. Nf3 Nc6 6. Be3 cxd4 7. cxd4 e6 8.
Nc3 Qd6 9. a3 Be7 10. Bd3 O-O 11. Qc2 Bd7 12. O-O Rfd8 13. Rad1 Rac8 14. Bg5 h6
15. Bh4 Nh5 16. d5 exd5 17. Bh7+ Kh8 18. Rxd5 Qf4 19. Rxh5 Bg4 20. Bg3 Qf6 21.
Rf5 Bxf5 22. Bxf5 Ra8 23. h3 Nd4 24. Nxd4 Qxd4 25. Qb3 Qf6 26. Be4 Bd6 27. Bxb7
1-0

[Event "op"]
[Site "Feldbach, Styria/AUT"]
[Date "1996.12.29"]
[Round "2"]
[White "Freitag, M."]
[Black "Stanec, N."]
[Result "0-1"]
[WhiteElo "2285"]
[BlackElo "2505"]
[PlyCount "42"]

1. e4 c5 2. Nf3 e6 3. d4 cxd4 4. Nxd4 a6 5. Nc3 Qc7 6. Bd3 Nf6 7. O-O Bd6 8. f4
Bc5 9. Be3 Nc6 10. Nf5 Ne7 11. Nxg7+ Kf8 12. Bxc5 Qxc5+ 13. Kh1 Kxg7 14. e5
Nfd5 15. Ne4 Qc7 16. Qh5 Ng6 17. f5 Qxe5 18. fxg6 Qxh5 19. Rxf7+ Kh6 20. Rg1
Qxg6 21. Nd6 Qxf7 0-1

[Event "op"]
[Site "Feldbach, Styria/AUT"]
[Date "1996.12.29"]
[Round "2"]
[White "Pavasovic, D."]
[Black "Kos, T."]
[Result "1-0"]
[WhiteElo "2495"]
[BlackElo "2295"]
[PlyCount "127"]

1. e4 e5 2. Nf3 Nf6 3. Nc3 Bb4 4. Nxe5 O-O 5. Be2 Re8 6. Nd3 Bxc3 7. dxc3 Nxe4
8. Nf4 c6 9. O-O d5 10. c4 d4 11. Bf3 Ng5 12. Bg4 Na6 13. Nh5 f5 14. Be2 Be6
15. Re1 Bf7 16. Bf4 Ne4 17. Ng3 Qf6 18. f3 Nec5 19. Qd2 h6 20. h4 Rad8 21. Bf1
d3 22. cxd3 Qd4+ 23. Kh2 Rxe1 24. Rxe1 Qf6 25. Be5 Qxh4+ 26. Kg1 g6 27. d4 Nd7
28. Qf4 Qg5 29. Bd6 Qxf4 30. Bxf4 Kg7 31. Bd6 Re8 32. Rxe8 Bxe8 33. Ne2 Bf7 34.
b3 Kf6 35. Kf2 Ke6 36. Ba3 Kf6 37. Bb2 Ke7 38. Ke3 Nc7 39. Ba3+ Kf6 40. Nc3 Bg8
41. g4 Bf7 42. Bh3 Bg8 43. gxf5 gxf5 44. Bd6 Ne8 45. Bf4 Kg6 46. Ne4 b5 47. Ng3
Ng7 48. cxb5 cxb5 49. Bd6 a6 50. Ne2 Kf6 51. Nf4 Ne8 52. Bb4 Nc7 53. Ba5 Ne8
54. Bd8+ Kf7 55. Bxf5 Nef6 56. d5 Ke8 57. Bxf6 Nxf6 58. Kd4 Nd7 59. d6 a5 60.
Nd5 Kd8 61. Ne7 Bf7 62. Nc6+ Ke8 63. Nxa5 h5 64. Nc6 1-0

[Event "op"]
[Site "Feldbach, Styria/AUT"]
[Date "1996.12.29"]
[Round "2"]
[White "Tratar, M."]
[Black "Womacka, M."]
[Result "1/2-1/2"]
[WhiteElo "2420"]
[BlackElo "2465"]
[PlyCount "35"]

1. Nf3 c5 2. c4 Nf6 3. Nc3 e6 4. g3 b6 5. Bg2 Bb7 6. O-O Be7 7. d4 cxd4 8. Qxd4
d6 9. Bg5 a6 10. Bxf6 Bxf6 11. Qf4 Bxf3 12. Bxf3 Ra7 13. Rfd1 Rd7 14. Qd2 O-O
15. Rac1 Qc7 16. b3 Rdd8 17. Bg2 Be7 18. Qe3 1/2-1/2

[Event "op"]
[Site "Feldbach, Styria/AUT"]
[Date "1996.12.29"]
[Round "2"]
[White "Szekely, P."]
[Black "Schneider_Zinner, H."]
[Result "1/2-1/2"]
[WhiteElo "2455"]
[BlackElo "2155"]
[PlyCount "24"]

1. Nf3 e6 2. c4 b6 3. g3 Bb7 4. Bg2 f5 5. O-O Nf6 6. b3 g6 7. Bb2 Bg7 8. d3 O-O
9. Nc3 d6 10. Qc2 Qe7 11. Rad1 e5 12. e4 c5 1/2-1/2

[Event "op"]
[Site "Feldbach, Styria/AUT"]
[Date "1996.12.29"]
[Round "2"]
[White "Kragelj, I."]
[Black "Rogulj B"]
[Result "0-1"]
[WhiteElo "2225"]
[BlackElo "2420"]
[PlyCount "68"]

1. d4 Nf6 2. c4 g6 3. Nc3 d5 4. Nf3 Bg7 5. Qb3 dxc4 6. Qxc4 O-O 7. e4 a6 8. e5
Nfd7 9. Be3 b5 10. Qb3 Nb6 11. a4 Be6 12. Qd1 c6 13. Bd3 f6 14. axb5 axb5 15.
Rxa8 Nxa8 16. O-O Nb6 17. exf6 exf6 18. Ne4 Nc4 19. Bc1 Bd5 20. b3 Nd6 21. Nc5
Nd7 22. Bf4 Nxc5 23. dxc5 Ne4 24. b4 Re8 25. Qc2 f5 26. Bc1 Qf6 27. Be3 Qc3 28.
Qb1 Ra8 29. Rc1 Qb2 30. Qxb2 Bxb2 31. Rb1 Bc3 32. Bd4 Ra3 33. Bf1 Nd2 34. Nxd2
Bxd4 0-1